1418 1271 1084 1268 1644 1098 1668 1424 1680 1623 1697 1108 1671 1846 1885 1544 1640 1231 1781 1320 1993 1256 1413 1698 1312 1344 1555 1029 1084 1667 1895 1270 1025 1258 1001 1230 1998 1656 1166 1503 1674 1487 1299 1454 1392 1352 1331 1821 1125 1162 1658 1122 1878 1065 1131 1522 1416 1033 1526 1099 1609 1204 1075 1295 1103 1327 1849 1416 1228 1770 1050 1164 1301 1183 1686 1745 1735 1234 1973 1010 1988 1837 1788 1563 1735 1375 1625 1252 1738 1753 1719 1719 1445 1263 1483 1493 1612 1306 1583 BCNSPRNW ULIB Ver.6.0+V

เปลี่ยนเป็นภาษาไทย

Change to English
 แสดงรายละเอียดบรรณานุกรม
  กลับหน้าหลัก

Brief Record : Get Marc (ISO 2709) : E-mail record : QR code < ปิดหน้าต่าง
LEADER : 00000nam 2200000uu 4500
001    13399112548
003     ULIB
008    110824s2554||||th 000 0 tha d
020    9786165020725
090    นว.^bบ111ซ 2554
100 0  baiboau
245 00 ซาตานหัวใจหิน/^cbaiboau
250    พิมพ์ครั้งที่ 1
260    กรุงเทพฯ :^bSugar Beat,^c2554
300    327 หน้า
945    ^p220^l0^i18517
995    กัณชพร
999    ^aใช้งานได้ทุกระบบ
รายการนี้ยังไม่มีแท็ก
คุณยังไม่ได้ล็อกอิน คุณสามารถมีกิจกรรมร่วมกับเว็บไซต์ได้ แต่ต้องล็อกอินก่อน ::
  ล็อกอิน

รายการสื่อสารสนเทศ

ลำดับที่ ประเภท เลขเรียก/บาร์โค้ด สถานที่ สถานะ
1. นวนิยาย
นวนิยาย
นว. บ111ซ 2554  
  Barcode: 18517
ห้องสมุดวิทยาเขตนครสวรรค์
►นวนิยาย:l:Fiction
บนชั้น

รายการใกล้เคียง
    ผู้แต่ง [baiboau]

BibComment


ยังไม่เคยถูกคอมเมนท์

คอมเมนท์ทรัพยากรรายการนี้
  คอมเมนท์: ซาตานหัวใจหิน bai..


 Copyright 2026. Bcnsprnw @Library